000 00768nam a2200217Ia 4500
003 BUBTL
008 151213s9999 xx 000 0 und d
020 _a9846030104
082 _a341/ R1293i/ 2003
100 _aরহমান, ড. মিজানুর
_95271
245 _aপরিবর্তনশীল বিশ্বে আন্তর্জাতিক আইন :
_cড. মিজানুর রহমান
250 _a১ম সং
260 _aঢাকা
_bপল্লব পাবলিশিং
_cc2003
300 _a256p. :
_b21 cm.
650 _aLaw
650 _a
700 _aড. মিজানুর রহমান।
_95273
856 _k0
_l0
_yDownload
942 _2ddc
_cBK
999 _c2226
_d2226